It’s A Beautiful Day - Michael Bublé - All Lyrics - Statistics

General Stats
  • This quiz has been taken 239 times
  • The average score is 181 of 310
Answer Stats
Answer % Correct
a
100%
I
99%
be
97%
beautiful
97%
Beautiful
97%
day
97%
day,
97%
it
97%
it's
93%
It's
93%
Oh,
90%
you
84%
You
84%
And
81%
and
81%
the
81%
who
77%
my
76%
we
76%
When
76%
is
75%
to
75%
Hey
73%
hey
73%
me
73%
no
73%
sun
72%
know
70%
in
69%
that
69%
then
69%
Then
69%
hear
68%
your
67%
don't
66%
can't
65%
for
65%
so
65%
“so
65%
why
65%
from
63%
of
63%
want
63%
If
62%
if
62%
one
61%
could
59%
just
59%
say
59%
not
58%
by
57%
would
57%
ever
55%
like
55%
this
54%
This
54%
up
54%
up,
54%
stop
52%
with
52%
get
51%
I'm
51%
our
50%
should
50%
think
50%
too
50%
we're
50%
you're
49%
time
48%
but
46%
got
46%
myself
46%
now
46%
way
46%
said
43%
away
42%
best
41%
had
41%
smiling
41%
came
37%
I'll
37%
believe
35%
couldn't
35%
glad
35%
gone
35%
thing
35%
Well
35%
world
35%
any
34%
Baby,
34%
baby,
34%
take
34%
'Cause
33%
fly,
33%
friends
33%
may
33%
mind,
33%
there's
33%
turn
33%
bright
32%
even
32%
goodbye,
32%
“goodbye”
32%
long”,
32%
sure
32%
change
31%
shined
31%
you've
31%
dream
30%
wouldn't
30%
boy
29%
music's
29%
playing
29%
thinking
29%
complaining
28%
hold
28%
another
27%
before,
27%
line
27%
raining,
27%
started
27%
tear
27%
breath
26%
coming
26%
fine,
26%
inside,
26%
whole
26%
girls,
25%
yourself
25%
fool
24%
alright
22%
burns
22%
fire
22%
guy
21%
tonight
21%
someone's
18%
relieved
17%
caged
16%
break-up
15%
buying
15%
denying
15%
seam
15%
drinking,
14%
might've
12%
easy,
8%
No matching quizzes found
Score Distribution
Percent of People with Each Score
Percentile by Number Answered
Your Score History
You have not taken this quiz